[Event "GER-ch Net Amateur Gr-A Vor3"]
[Site "Playchess.com INT"]
[Date "2020.04.16"]
[Round "4"]
[White "Ahrends, Norbert"]
[Black "Henning, Marvin"]
[Result "0-1"]
[WhiteElo "1944"]
[BlackElo "2183"]
[PlyCount "72"]
[EventDate "2020.04.16"]
[EventType "swiss (blitz)"]
[EventRounds "9"]
[EventCountry "GER"]
[SourceTitle "CBM 195 Extra"]
[Source "ChessBase"]
[SourceDate "2020.05.31"]
[SourceVersion "1"]
[SourceVersionDate "2020.05.31"]
[SourceQuality "1"]

1. d4 c5 2. c4 cxd4 3. Nf3 Nc6 4. Nxd4 e5 5. Nb5 d6 6. N5c3 Nf6 7. g3 Be7 8. Bg2 0-0 9. 0-0 Be6 10. b3 h6 11. Bb2 a6 12. Nd5 Rc8 13. Nbc3 Re8 14. Nxf6+ Bxf6 15. Nd5 Be7 16. Nxe7+ Qxe7 17. Qd2 Red8 18. Rad1 b5 19. cxb5 axb5 20. Bxc6 Rxc6 21. Bxe5 Bh3 22. Bb2 Bxf1 23. Qd4 f6 24. Qd5+ Kh8 25. Qxc6 Bxe2 26. Re1 Bf3 27. Qc3 Qb7 28. Re3 Bd5 29. h4 Qd7 30. Kh2 Qf5 31. Qd2 Rc8 32. Rd3 Be4 33. Rxd6 Qf3 34. Rd8+ Rxd8 35. Qxd8+ Kh7 36. Kh3 h5 0-1

[Event "GER-ch Net Amateur Gr-A Vor3"]
[Site "Playchess.com INT"]
[Date "2020.04.16"]
[Round "3"]
[White "Ahrends, Norbert"]
[Black "Manthey, Frank"]
[Result "1-0"]
[WhiteElo "1944"]
[BlackElo "1759"]
[PlyCount "115"]
[EventDate "2020.04.16"]
[EventType "swiss (blitz)"]
[EventRounds "9"]
[EventCountry "GER"]
[SourceTitle "CBM 195 Extra"]
[Source "ChessBase"]
[SourceDate "2020.05.31"]
[SourceVersion "1"]
[SourceVersionDate "2020.05.31"]
[SourceQuality "1"]

1. d4 d5 2. c4 e6 3. Nc3 Nf6 4. cxd5 exd5 5. Bg5 Be7 6. e3 0-0 7. Bd3 Nbd7 8. Nge2 Re8 9. 0-0 Nf8 10. Rc1 c6 11. a3 Be6 12. Qb3 Qb6 13. Qc2 Rac8 14. b4 a5 15. Na4 Qa7 16. Nc5 axb4 17. axb4 b6 18. Ra1 Qc7 19. Bf4 Bd6 20. Nb3 Ra8 21. Rxa8 Rxa8 22. Rc1 Bd7 23. b5 Bxf4 24. Nxf4 Rc8 25. bxc6 Qxc6 26. Qxc6 Rxc6 27. Rxc6 Bxc6 28. Kf1 Ne6 29. Ne2 Kf8 30. Nc3 Ke7 31. f3 Kd7 32. Bb5 Kc7 33. Bxc6 Kxc6 34. Ke2 b5 35. Kd3 b4 36. Na2 Kb5 37. Nac1 Nd7 38. g3 Nb6 39. e4 f6 40. f4 dxe4+ 41. Kxe4 Kc4 42. h4 Nd5 43. Na5+ Kc3 44. Ncb3 Nec7 45. g4 Nb6 46. g5 Nc4 47. d5 Nxa5 48. Nxa5 b3 49. Nxb3 Kxb3 50. d6 Ne6 51. gxf6 gxf6 52. Kf5 Nc5 53. Kxf6 Kc4 54. Ke7 Kd5 55. f5 Ke5 56. f6 Ne6 57. f7 h5 58. d7 1-0

[Event "GER-ch Net Amateur Gr-A Vor3"]
[Site "Playchess.com INT"]
[Date "2020.04.16"]
[Round "2"]
[White "Frohnhaeuser, Simon"]
[Black "Ahrends, Norbert"]
[Result "0-1"]
[WhiteElo "1734"]
[BlackElo "1944"]
[PlyCount "26"]
[EventDate "2020.04.16"]
[EventType "swiss (blitz)"]
[EventRounds "9"]
[EventCountry "GER"]
[SourceTitle "CBM 195 Extra"]
[Source "ChessBase"]
[SourceDate "2020.05.31"]
[SourceVersion "1"]
[SourceVersionDate "2020.05.31"]
[SourceQuality "1"]

1. e4 e5 2. Nf3 Nc6 3. Bc4 Nf6 4. d3 Bc5 5. c3 a6 6. 0-0 d6 7. a4 Ne7 8. b4 Ba7 9. Nbd2 Ng6 10. Re1 0-0 11. h3 Nf4 12. Nf1 N6h5 13. Ng3 Nxg3 0-1

[Event "GER-ch Net Amateur Gr-A Vor2"]
[Site "Playchess.com INT"]
[Date "2020.04.15"]
[Round "1"]
[White "Ahrends, Norbert"]
[Black "Marcziter, Dmitrii"]
[Result "1-0"]
[WhiteElo "1765"]
[BlackElo "2032"]
[PlyCount "149"]
[EventDate "2020.04.15"]
[EventType "swiss (blitz)"]
[EventRounds "9"]
[EventCountry "GER"]
[SourceTitle "CBM 196 Extra"]
[Source "ChessBase"]
[SourceDate "2020.07.31"]
[SourceVersion "1"]
[SourceVersionDate "2020.07.31"]
[SourceQuality "1"]

1. d4 d5 2. c4 e6 3. Nc3 c5 4. cxd5 exd5 5. Nf3 Nc6 6. Bf4 a6 7. e3 Nf6 8. Be2 Be7 9. 0-0 0-0 10. Rc1 Bf5 11. dxc5 Bxc5 12. Nxd5 Nxd5 13. Rxc5 Nxf4 14. Rxf5 Qxd1 15. Bxd1 Nd3 16. Bb3 Nxb2 17. Rb1 Nd3 18. Bc4 Rad8 19. Rxb7 Ndb4 20. h3 Rd1+ 21. Kh2 Nd8 22. Rxb4 g6 23. Ra5 Nc6 24. Rba4 Nxa5 25. Rxa5 Rd6 26. Rxa6 Rxa6 27. Bxa6 Ra8 28. Bc4 Kg7 29. Nd4 f5 30. Nb5 Kf6 31. Kg3 Ke5 32. Kf3 Rc8 33. Bb3 Rb8 34. a4 Ra8 35. Na3 Kd6 36. a5 Kc5 37. Nc4 Kb4 38. Ba2 Ra6 39. Kf4 h6 40. h4 Kb5 41. h5 gxh5 42. Kxf5 Kc5 43. e4 Ra8 44. Kg6 Kd4 45. e5 Ra6+ 46. Kxh5 Kc5 47. f4 Kd5 48. f5 Ke4 49. f6 Kf5 50. f7 Ra8 51. Nd6+ Kxe5 52. Ne8 Rxa5 53. f8Q Kd4+ 54. Kh4 Rxa2 55. Qd6+ Kc3 56. Qc5+ Kb3 57. Qd5+ Ka3 58. Qxa2+ Kxa2 59. Kh5 Kb3 60. Kxh6 Kc4 61. g4 Kd5 62. g5 Ke6 63. g6 Ke7 64. Kh7 Kxe8 65. g7 Kd7 66. g8Q Kd6 67. Qg5 Ke6 68. Qc5 Kf6 69. Qd5 Ke7 70. Qc6 Kf7 71. Qd6 Ke8 72. Qc7 Kf8 73. Kg6 Ke8 74. Kf6 Kf8 75. Qf7# 1-0

[Event "GER-ch Net Amateur Gr-A Vor2"]
[Site "Playchess.com INT"]
[Date "2020.04.15"]
[Round "7"]
[White "Ahrends, Norbert"]
[Black "Roelle, Philipp"]
[Result "1-0"]
[WhiteElo "1765"]
[BlackElo "1906"]
[PlyCount "111"]
[EventDate "2020.04.15"]
[EventType "swiss (blitz)"]
[EventRounds "9"]
[EventCountry "GER"]
[SourceTitle "CBM 196 Extra"]
[Source "ChessBase"]
[SourceDate "2020.07.31"]
[SourceVersion "1"]
[SourceVersionDate "2020.07.31"]
[SourceQuality "1"]

1. d4 Nf6 2. c4 d6 3. Nc3 Nbd7 4. e4 e5 5. Nf3 Be7 6. g4 Nxg4 7. Rg1 exd4 8. Nxd4 Nge5 9. Rxg7 Ng6 10. Qh5 Nf6 11. Qf3 Bg4 12. Qg2 Qd7 13. Bg5 Be6 14. f4 Nh5 15. Nxe6 Qxe6 16. f5 Qd7 17. fxg6 hxg6 18. Bxe7 Qxe7 19. Nd5 Qd8 20. Rxg6 fxg6 21. Qxg6+ Kd7 22. Bh3+ Kc6 23. Nb4+ Kb6 24. Qf5 c6 25. 0-0-0 a5 26. Qf2+ Kc7 27. Nc2 Qg5+ 28. Kb1 Rhf8 29. Qe1 Nf4 30. Nd4 Rae8 31. Bf1 Qe5 32. Qc3 Ne6 33. Nxe6+ Rxe6 34. Qa3 Qc5 35. Qb3 Rxe4 36. Bd3 Rd4 37. Qc3 Qe5 38. a3 Rf3 39. Kc2 Qxh2+ 40. Rd2 Qe5 41. Re2 Qf6 42. Qxa5+ Kd7 43. Qb6 Rfxd3 44. Qxb7+ Kd8 45. Qb8+ Kd7 46. Qe8+ Kc7 47. Re7+ Kb6 48. Qb8+ Kc5 49. Qa7+ Kxc4 50. Qa6+ Kd5 51. Qa5+ c5 52. Qa8+ Kc4 53. Qa6+ Kd5 54. Qb7+ Kc4 55. b3+ Rxb3 56. Qxb3# 1-0

[Event "GER-ch Net Amateur Gr-A Vor1"]
[Site "Playchess.com INT"]
[Date "2020.04.14"]
[Round "1"]
[White "Koellner, Christof"]
[Black "Ahrends, Norbert"]
[Result "1-0"]
[WhiteElo "2085"]
[BlackElo "1808"]
[PlyCount "55"]
[EventDate "2020.04.14"]
[EventType "swiss (blitz)"]
[EventRounds "9"]
[EventCountry "GER"]
[SourceTitle "EXT 2021"]
[Source "ChessBase"]
[SourceDate "2020.10.23"]
[SourceVersion "1"]
[SourceVersionDate "2020.10.23"]
[SourceQuality "1"]

1. d4 d5 2. Nf3 Nf6 3. e3 Bg4 4. h3 Bh5 5. g4 Bg6 6. Ne5 e6 7. h4 Bd6 8. h5 Bxe5 9. dxe5 Be4 10. f3 Nxg4 11. fxe4 Nxe5 12. exd5 exd5 13. Bg2 c6 14. Nc3 Nbd7 15. Ne2 Qb6 16. Qd4 Qc7 17. Nf4 0-0-0 18. Qxa7 Nc4 19. b3 Qe5 20. Qd4 Nxe3 21. Bxe3 Rhe8 22. Qxe5 Rxe5 23. Kd2 Rde8 24. Rae1 Nf6 25. Bd4 Rxe1 26. Rxe1 Ne4+ 27. Bxe4 dxe4 28. Bxg7 1-0

[Event "Wiesbaden op 31st"]
[Site "Wiesbaden"]
[Date "2019.08.24"]
[Round "4"]
[White "Ahrends, Norbert"]
[Black "Michalski, Uwe"]
[Result "1/2-1/2"]
[WhiteElo "1926"]
[BlackElo "1730"]
[PlyCount "89"]
[EventDate "2019.08.22"]
[EventType "swiss"]
[EventRounds "7"]
[EventCountry "GER"]
[SourceTitle "EXT 2020"]
[Source "ChessBase"]
[SourceDate "2019.10.17"]
[SourceVersion "1"]
[SourceVersionDate "2019.10.17"]
[SourceQuality "1"]

1. d4 Nf6 2. c4 e6 3. Nc3 d5 4. Nf3 Be7 5. Bf4 a6 6. e3 0-0 7. Rc1 c6 8. Bd3 dxc4 9. Bxc4 Nbd7 10. 0-0 Nb6 11. Bd3 Nh5 12. Ne2 Nxf4 13. Nxf4 Bd6 14. Ne2 f5 15. Qb3 Nd5 16. a3 g5 17. e4 fxe4 18. Bxe4 Nf4 19. Rc2 Qf6 20. Nxf4 Bxf4 21. Rc5 Kh8 22. g3 g4 23. Ne5 Bxe5 24. Rxe5 Rf7 25. Qd1 Rg7 26. f3 gxf3 27. Rxf3 Qe7 28. Rf4 Bd7 29. Qf1 Rag8 30. Qh3 Rf8 31. Rh4 Qf7 32. Qg2 Qf6 33. Bd3 c5 34. Reh5 Rff7 35. dxc5 Bc6 36. Qe2 Bf3 37. Qe5 Bxh5 38. Qxf6 Rxf6 39. Rxh5 Rgf7 40. b3 h6 41. a4 Kg7 42. c6 bxc6 43. Bxa6 Rf2 44. Re5 Rb2 45. Be2 1/2-1/2

[Event "Eschborn op"]
[Site "Eschborn"]
[Date "2019.08.18"]
[Round "4.19"]
[White "Ahrends, Norbert"]
[Black "Niedenthal, Robert"]
[Result "1-0"]
[WhiteElo "1913"]
[BlackElo "1626"]
[PlyCount "23"]
[EventDate "2019.08.16"]
[EventType "swiss"]
[EventRounds "5"]
[EventCountry "GER"]
[SourceTitle "EXT 2024"]
[Source "ChessBase"]
[SourceDate "2023.10.10"]
[SourceVersion "1"]
[SourceVersionDate "2023.10.10"]
[SourceQuality "1"]

1. d4 Nf6 2. c4 e5 3. dxe5 Ne4 4. Nf3 b6 5. Nbd2 Bb4 6. a3 Bxd2+ 7. Nxd2 Bb7 8. Qc2 Nc5 9. b4 Ne6 10. Nf3 Bxf3 11. gxf3 Nc6 12. Qe4 1-0

[Event "Dortmund Sparkassen op-B 47th"]
[Site "Dortmund"]
[Date "2019.07.13"]
[Round "1"]
[White "Ahrends, Norbert"]
[Black "Schneider, Daniel3333"]
[Result "1-0"]
[WhiteElo "1905"]
[BlackElo "1673"]
[PlyCount "59"]
[EventDate "2019.07.13"]
[EventType "swiss"]
[EventRounds "9"]
[EventCountry "GER"]
[SourceTitle "CBM 192 Extra"]
[Source "Chessbase"]
[SourceDate "2019.11.06"]
[SourceVersion "1"]
[SourceVersionDate "2019.11.06"]
[SourceQuality "1"]

1. d4 d5 2. c4 e6 3. Nc3 c6 4. Nf3 Nf6 5. e3 Nbd7 6. Be2 dxc4 7. Bxc4 b5 8. Bd3 a6 9. 0-0 Bb7 10. a3 c5 11. b3 Be7 12. Bb2 0-0 13. Qe2 Rc8 14. Rfd1 Qb6 15. Rac1 c4 16. bxc4 bxc4 17. Bb1 Bxf3 18. gxf3 Qa5 19. Kh1 Rb8 20. a4 Bd6 21. Rg1 Rb7 22. Ba1 Rfb8 23. Ba2 Nd5 24. Ne4 Ba3 25. Rxc4 N7b6 26. Rc5 Bxc5 27. dxc5 Nxa4 28. Bxg7 Qb5 29. Bxd5 Qxe2 30. Nf6# 1-0

[Event "Rhein Main op-B 22nd"]
[Site "Bad Homburg"]
[Date "2019.06.22"]
[Round "6"]
[White "Bazilius, Augustinas"]
[Black "Ahrends, Norbert"]
[Result "0-1"]
[WhiteElo "1569"]
[BlackElo "1957"]
[PlyCount "56"]
[EventDate "2019.06.19"]
[EventType "swiss"]
[EventRounds "7"]
[EventCountry "GER"]
[SourceTitle "EXT 2020"]
[Source "ChessBase"]
[SourceDate "2019.10.17"]
[SourceVersion "1"]
[SourceVersionDate "2019.10.17"]
[SourceQuality "1"]

1. d4 d5 2. c4 c6 3. cxd5 cxd5 4. Nc3 Nf6 5. Bf4 a6 6. e3 Nc6 7. Be2 e6 8. a3 Bd6 9. Bxd6 Qxd6 10. f4 0-0 11. Nf3 Bd7 12. Ne5 Be8 13. 0-0 Nd7 14. Rf3 f6 15. Nxd7 Bxd7 16. Qd3 Be8 17. Kh1 Bg6 18. Qd2 Na5 19. Rg1 Rac8 20. h4 Nc4 21. Bxc4 dxc4 22. e4 Rfd8 23. Ne2 Bxe4 24. Rg3 Bd3 25. Rxd3 cxd3 26. Qxd3 Qd5 27. Qe3 Rc6 28. Nc3 Qxd4 0-1

[Event "Hessen-chA"]
[Site "Frankfurt"]
[Date "2019.05.30"]
[Round "1"]
[White "Ahrends, Norbert"]
[Black "Rolf, Marco"]
[Result "0-1"]
[WhiteElo "1927"]
[BlackElo "2098"]
[PlyCount "34"]
[EventDate "2019.05.30"]
[EventType "swiss"]
[EventRounds "7"]
[EventCountry "GER"]
[SourceTitle "EXT 2020"]
[Source "ChessBase"]
[SourceDate "2019.10.17"]
[SourceVersion "1"]
[SourceVersionDate "2019.10.17"]
[SourceQuality "1"]

1. d4 d5 2. c4 c6 3. Nc3 Nf6 4. Nf3 dxc4 5. a4 Bf5 6. e3 e6 7. Bxc4 Bb4 8. 0-0 Nbd7 9. Qb3 a5 10. Na2 Bd6 11. Bd2 0-0 12. h3 Qe7 13. Nc3 e5 14. d5 Nc5 15. Qd1 cxd5 16. Nxd5 Nxd5 17. Bxd5 e4 0-1

[Event "Bad Wiessee Senioren Cup 8th"]
[Site "Bad Wiessee"]
[Date "2019.05.16"]
[Round "6"]
[White "Fuchs, Michael"]
[Black "Ahrends, Norbert"]
[Result "1-0"]
[WhiteElo "2113"]
[BlackElo "1927"]
[PlyCount "81"]
[EventDate "2019.05.11"]
[EventType "swiss"]
[EventRounds "9"]
[EventCountry "GER"]
[SourceTitle "EXT 2020"]
[Source "ChessBase"]
[SourceDate "2019.10.17"]
[SourceVersion "1"]
[SourceVersionDate "2019.10.17"]
[SourceQuality "1"]

1. Nf3 Nf6 2. d4 d5 3. c4 c6 4. e3 e6 5. Nbd2 Nbd7 6. b3 g6 7. Bd3 Bg7 8. Ba3 Bf8 9. Bxf8 Kxf8 10. 0-0 Kg7 11. e4 dxe4 12. Nxe4 Nxe4 13. Bxe4 Nf6 14. Bc2 b6 15. Qe2 Bb7 16. Rad1 Re8 17. Qe5 Qb8 18. Ng5 h6 19. Ne4 Qxe5 20. dxe5 Nxe4 21. Bxe4 Rad8 22. b4 Ba8 23. c5 bxc5 24. bxc5 Rxd1 25. Rxd1 Re7 26. f4 Bb7 27. Rd6 Rc7 28. g4 g5 29. f5 exf5 30. gxf5 h5 31. Kf2 Bc8 32. f6+ Kh6 33. Rxc6 Rxc6 34. Bxc6 g4 35. Bd5 Kg6 36. Ke3 h4 37. Kf4 g3 38. hxg3 hxg3 39. Be4+ Kh5 40. Kxg3 Kg5 41. c6 1-0

[Event "Marianske Lazne op 50+"]
[Site "Marianske Lazne"]
[Date "2019.01.23"]
[Round "6"]
[White "Spanton, Timothy"]
[Black "Ahrends, Norbert"]
[Result "0-1"]
[WhiteElo "1943"]
[BlackElo "1898"]
[PlyCount "110"]
[EventDate "2019.01.19"]
[EventType "swiss"]
[EventRounds "9"]
[EventCountry "CZE"]
[SourceTitle "CBM 188 Extra"]
[Source "ChessBase"]
[SourceDate "2019.02.26"]
[SourceVersion "1"]
[SourceVersionDate "2019.02.26"]
[SourceQuality "1"]

1. e4 c5 2. Nf3 d6 3. Bb5+ Bd7 4. Bxd7+ Nxd7 5. 0-0 Ngf6 6. Qe2 Rc8 7. Rd1 Qc7 8. b3 g6 9. Bb2 Bg7 10. Na3 0-0 11. Rac1 a6 12. c4 e5 13. Nb1 Nb8 14. Nc3 Nc6 15. d3 Qd7 16. Re1 Nh5 17. g3 f5 18. Nd5 Rce8 19. exf5 Qxf5 20. Nh4 Qf7 21. Kg2 Bh6 22. Rcd1 Ne7 23. Nxe7+ Qxe7 24. Bc1 Bxc1 25. Rxc1 Nf4+ 26. gxf4 Qxh4 27. f3 Rxf4 28. Qf2 Qf6 29. Re4 Rf8 30. Rxf4 Qxf4 31. Re1 Qg5+ 32. Kh1 Qf5 33. Re3 g5 34. Qg3 Qf4 35. Qxf4 Rxf4 36. Kg2 Kf7 37. Kg3 Rd4 38. h3 h5 39. Kg2 Ke6 40. Kf2 Kd7 41. a3 Kc6 42. Kg3 b5 43. Kf2 a5 44. a4 bxa4 45. bxa4 Kd7 46. Kg2 Ke6 47. Kf2 d5 48. cxd5+ Kxd5 49. Re4 Rxe4 50. dxe4+ Kd4 51. Ke2 h4 52. Kd2 c4 53. Kc2 c3 54. Kc1 Kc4 55. Kc2 Kb4 0-1

[Event "Heusenstamm Sparkassen op-A 5th"]
[Site "Heusenstamm"]
[Date "2018.11.25"]
[Round "6"]
[White "Ahrends, Norbert"]
[Black "Zimmermann, Rolf"]
[Result "1/2-1/2"]
[WhiteElo "1856"]
[BlackElo "2093"]
[PlyCount "31"]
[EventDate "2018.11.22"]
[EventType "swiss"]
[EventRounds "7"]
[EventCountry "GER"]
[SourceTitle "CBM 188 Extra"]
[Source "ChessBase"]
[SourceDate "2019.02.26"]
[SourceVersion "1"]
[SourceVersionDate "2019.02.26"]
[SourceQuality "1"]

1. Nf3 d5 2. d4 Nf6 3. c4 e6 4. Nc3 c6 5. Bg5 Be7 6. e3 Nbd7 7. Be2 dxc4 8. Bxc4 Nd5 9. Bxe7 Qxe7 10. 0-0 0-0 11. Rc1 b6 12. Nxd5 exd5 13. Bd3 Bb7 14. Re1 Qd6 15. a3 Rfe8 16. Rc3 1/2-1/2

[Event "Heusenstamm Sparkassen op-A 5th"]
[Site "Heusenstamm"]
[Date "2018.11.23"]
[Round "3"]
[White "Ahrends, Norbert"]
[Black "Farmani Anosheh, Yasha"]
[Result "0-1"]
[WhiteElo "1856"]
[BlackElo "2127"]
[PlyCount "130"]
[EventDate "2018.11.22"]
[EventType "swiss"]
[EventRounds "7"]
[EventCountry "GER"]
[SourceTitle "CBM 188 Extra"]
[Source "ChessBase"]
[SourceDate "2019.02.26"]
[SourceVersion "1"]
[SourceVersionDate "2019.02.26"]
[SourceQuality "1"]

1. d4 Nf6 2. c4 e6 3. Nc3 Bb4 4. Qc2 0-0 5. a3 Bxc3+ 6. Qxc3 d5 7. Nf3 b6 8. Qc2 Nbd7 9. Bg5 h6 10. Bh4 c5 11. cxd5 exd5 12. e3 Bb7 13. Bb5 g5 14. Bg3 Ne4 15. 0-0 Rc8 16. Qe2 Qe7 17. Bd3 Nxg3 18. hxg3 Kg7 19. Bf5 Rc7 20. Rad1 Nf6 21. Nh2 Bc8 22. Bb1 Rh8 23. Rfe1 h5 24. Rd2 Ne4 25. Bxe4 dxe4 26. dxc5 Rxc5 27. Red1 h4 28. gxh4 gxh4 29. Rd5 Be6 30. Rxc5 Qxc5 31. Qd2 Rc8 32. f3 Rc7 33. b4 Qc3 34. fxe4 Qxd2 35. Rxd2 Rc3 36. Kf2 Rxa3 37. Rb2 a5 38. bxa5 bxa5 39. Nf3 a4 40. Nd4 Kf6 41. Kf3 Rc3 42. Rb4 a3 43. Ra4 Bc4 44. Ne2 Bxe2+ 45. Kxe2 Rc2+ 46. Kd3 Rxg2 47. e5+ Kg5 48. Rxa3 h3 49. Ra8 Rg4 50. Rg8+ Kh4 51. Rh8+ Kg3 52. Ke2 h2 53. Kf1 Rh4 54. Rxh4 Kxh4 55. Kg2 h1Q+ 56. Kxh1 Kg3 57. Kg1 Kf3 58. Kh2 Kxe3 59. Kg3 Ke4 60. Kg4 Kxe5 61. Kf3 Kf5 62. Kg3 Ke4 63. Kg4 f5+ 64. Kg3 Ke3 65. Kg2 f4 0-1